[Event "DEM U10 2017"]
[Site "Willingen GER"]
[Date "2017.06.09"]
[Round "10"]
[White "Fuhrmann, Bahne"]
[Black "Zielke, Ansgar"]
[Result "1/2-1/2"]
[Termination "normal"]
[Board "13"]
[WhiteElo "1365"]
[BlackElo "1450"]
[PlyCount "115"]
[WhiteFideId "16244842"]
[BlackFideId "16244800"]
[EventCountry "GER"]
[EventRounds "11"]
[EventType "swiss"]
[EventDate "2017.06.03"]

1. e4 c5 2. Nf3 Nc6 3. d4 cxd4 4. Nxd4 Nf6 5. Nc3 d6 6. Be3 g6 7. Bb5 Bd7 8. f4
Bg7 9. e5 dxe5 10. Bxc6 Bxc6 11. fxe5 Nd5 12. Nxc6 bxc6 13. Nxd5 Qxd5 14. Qxd5
cxd5 15. O-O-O e6 16. Bd4 O-O 17. h4 h5 18. Rdg1 Bh6+ 19. Kb1 Kh7 20. g4 Rg8
21. Rf1 Rgf8 22. Bc5 Rfc8 23. Rxf7+ Kg8 24. Rxa7 Rxa7 25. Bxa7 hxg4 26. Rg1 Rc4
27. c3 Re4 28. Bd4 Kf7 29. b4 Be3 30. Bxe3 Rxe3 31. Kc2 g3 32. Rg2 Rf3 33. Kd2
Ke7 34. a4 Kd7 35. Rg1 Kc6 36. a5 Kb5 37. Ra1 Ka6 38. Rc1 Kb5 39. Ke2 Rf2+ 40.
Ke3 Rf5 41. Rg1 Rxe5+ 42. Kd3 Rh5 43. Rxg3 Rxh4 44. Rxg6 Re4 45. Rg8 Re1 46.
Rc8 Re4 47. Rc5+ Ka6 48. c4 Rh4 49. Kc3 Rh3+ 50. Kd4 Rh4+ 51. Ke5 Rxc4 52. Rxc4
dxc4 53. Kd4 Kb5 54. a6 Kxa6 55. Kxc4 Kb6 56. Kd4 Kb5 57. Ke5 Kxb4 58. Kxe6
1/2-1/2

[Event "DEM U10 2017"]
[Site "Willingen GER"]
[Date "2017.06.09"]
[Round "10"]
[White "Fink, Moritz"]
[Black "Weissenberger, Julius"]
[Result "0-1"]
[Termination "normal"]
[Board "14"]
[WhiteElo "1162"]
[BlackElo "1381"]
[PlyCount "114"]
[WhiteFideId "16235711"]
[BlackFideId "16244826"]
[EventCountry "GER"]
[EventRounds "11"]
[EventType "swiss"]
[EventDate "2017.06.03"]

1. e4 c5 2. Nf3 Nc6 3. b3 e5 4. Bb2 d6 5. Bb5 Be7 6. c4 Nf6 7. Bxc6+ bxc6 8. d3
O-O 9. O-O h6 10. h3 Nh7 11. Nbd2 Ng5 12. Qe2 Be6 13. Rfe1 Nxf3+ 14. Qxf3 f5
15. exf5 Rxf5 16. Qg3 Bh4 17. Qg6 Rf6 18. Qh5 Bxf2+ 19. Kh1 Bxe1 20. Rxe1 Qe8
21. Qh4 Qg6 22. Ne4 Rf7 23. Nxd6 Bxh3 24. Qxh3 Qxd6 25. Bxe5 Qd7 26. Qg3 Qf5
27. Kg1 Qg5 28. Qxg5 hxg5 29. Bd6 Rd7 30. Re6 Kf7 31. Re5 Rxd6 32. Rxc5 Rxd3
33. Rxc6 Rd2 34. Rc7+ Kg6 35. a4 Rb8 36. Rxa7 Rxb3 37. Ra6+ Kh7 38. Ra5 Rc3 39.
Rxg5 Rxc4 40. a5 Ra4 41. Kh2 Rda2 42. Kh3 Rxa5 43. Rxa5 Rxa5 44. Kh4 Kh6 45.
Kg4 g5 46. g3 Ra4+ 47. Kh3 g4+ 48. Kg2 Ra3 49. Kf2 Rf3+ 50. Kg2 Kg5 51. Kh2 Kf5
52. Kg2 Ke4 53. Kg1 Ke3 54. Kg2 Rf2+ 55. Kh1 Kf3 56. Kg1 Kxg3 57. Kh1 Rf1# 0-1

[Event "DEM U10 2017"]
[Site "Willingen GER"]
[Date "2017.06.09"]
[Round "10"]
[White "Schwartz, Oliver"]
[Black "Stork, Christopher"]
[Result "0-1"]
[Termination "normal"]
[Board "15"]
[WhiteElo "1517"]
[BlackElo "1630"]
[PlyCount "74"]
[WhiteFideId "16207459"]
[BlackFideId "16215400"]
[EventCountry "GER"]
[EventRounds "11"]
[EventType "swiss"]
[EventDate "2017.06.03"]

1. b4 e5 2. Bb2 Bxb4 3. Bxe5 Nf6 4. Nf3 d5 5. e3 c6 6. Be2 Be6 7. O-O Nbd7 8.
Bb2 O-O 9. d3 Be7 10. Nbd2 Qc7 11. Rb1 b5 12. Nd4 Nb6 13. N2b3 a5 14. Nxe6 fxe6
15. Nd4 Qd7 16. Bg4 Nxg4 17. Qxg4 Rf6 18. Nf3 Rg6 19. Qh3 Rh6 20. Qg3 Bd6 21.
Be5 Rg6 22. Qf4 Rf8 23. Qd4 c5 24. Qb2 Rxf3 25. Bxd6 Qxd6 26. Qxb5 Nd7 27. Qxa5
Ne5 28. Rb6 Qc7 29. Qb5 Rf8 30. Kh1 Ng4 31. g3 Rh6 32. h4 Rxh4+ 33. Kg1 Rh3 34.
Kg2 Rh2+ 35. Kg1 Rhxf2 36. Rxf2 Qxg3+ 37. Kh1 Nxf2# 0-1

[Event "DEM U10 2017"]
[Site "Willingen GER"]
[Date "2017.06.09"]
[Round "10"]
[White "Fathke, Luke"]
[Black "Ehrig, Leon Chris"]
[Result "0-1"]
[Termination "normal"]
[Board "16"]
[WhiteElo "1327"]
[BlackElo "1484"]
[PlyCount "70"]
[WhiteFideId "16230230"]
[BlackFideId "16244796"]
[EventCountry "GER"]
[EventRounds "11"]
[EventType "swiss"]
[EventDate "2017.06.03"]

1. e4 e5 2. Nf3 Nc6 3. Bc4 Bc5 4. c3 Nf6 5. d3 d6 6. O-O Be6 7. Bb5 Qd7 8. d4
exd4 9. cxd4 a6 10. Ba4 b5 11. Bc2 Bc4 12. dxc5 Bxf1 13. Qxf1 dxc5 14. Nc3 Nd4
15. Qd1 O-O 16. Be3 Nxc2 17. Qxc2 c4 18. h3 Qd3 19. Qxd3 cxd3 20. Rd1 Rad8 21.
Bd4 c6 22. Rxd3 c5 23. Bxf6 Rxd3 24. Be7 Rc8 25. a3 f6 26. Nd5 Kf7 27. Nb6 Rc6
28. Nd5 Rb3 29. e5 Ke6 30. exf6 gxf6 31. Bxf6 Kxd5 32. Bc3 b4 33. axb4 cxb4 34.
Bg7 Rg6 35. Bh8 Rxf3 0-1

[Event "DEM U10 2017"]
[Site "Willingen GER"]
[Date "2017.06.09"]
[Round "10"]
[White "Müller, Maximilian"]
[Black "Zweigait, Leon"]
[Result "0-1"]
[Termination "normal"]
[Board "17"]
[WhiteElo "1234"]
[BlackElo "1442"]
[PlyCount "45"]
[WhiteFideId "16243552"]
[BlackFideId "16201388"]
[EventCountry "GER"]
[EventRounds "11"]
[EventType "swiss"]
[EventDate "2017.06.03"]

1. d4 Nf6 2. Nf3 e6 3. e3 c5 4. Bd3 Nc6 5. a3 b6 6. Nbd2 Bb7 7. O-O Be7 8. b3
Qc7 9. Bb2 O-O-O 10. c4 h5 11. Bc3 Rdg8 12. a4 g5 13. dxc5 bxc5 14. Ne4 Rh6 15.
Nfxg5 Ng4 16. Nf3 f5 17. Ned2 Nce5 18. Nxe5 Nxe5 19. Bxe5 Rxg2+ 20. Kh1 Qxe5
21. f4 Rhg6 22. Nf3 Qxe3 23. Be2 0-1

[Event "DEM U10 2017"]
[Site "Willingen GER"]
[Date "2017.06.09"]
[Round "10"]
[White "Phan Trong, Dai"]
[Black "Cromm, Mika"]
[Result "1/2-1/2"]
[Termination "normal"]
[Board "18"]
[WhiteElo "1392"]
[BlackElo "1175"]
[PlyCount "127"]
[WhiteFideId "16236939"]
[BlackFideId "16244915"]
[EventCountry "GER"]
[EventRounds "11"]
[EventType "swiss"]
[EventDate "2017.06.03"]

1. c4 e5 2. Nc3 Nf6 3. g3 d5 4. cxd5 Nxd5 5. Bg2 Nb6 6. e3 Nc6 7. Nge2 Bd6 8.
O-O Be6 9. Re1 O-O 10. d4 exd4 11. Nxd4 Qd7 12. Nxe6 fxe6 13. Qe2 Rf7 14. a3 a5
15. Bd2 Rd8 16. Rad1 Be5 17. Ne4 Qe7 18. Bc3 Bxc3 19. Nxc3 Rdf8 20. Rf1 Kh8 21.
Qc2 h6 22. Ne4 Ne5 23. Nc5 c6 24. Nd3 Nec4 25. a4 Qg5 26. Nf4 Rf6 27. h4 Qf5
28. Be4 Qg4 29. b3 Ne5 30. Kg2 Nd5 31. Bxd5 exd5 32. f3 Qd7 33. Qc3 Ng6 34.
Qxa5 Re8 35. Nxg6+ Rxg6 36. Qc3 Qd6 37. g4 Qe7 38. h5 Re6 39. Rfe1 Rxe3 40.
Qxe3 Qxe3 41. Rxe3 Rxe3 42. Rb1 Kg8 43. Kf2 Rd3 44. Ke2 Rc3 45. b4 Ra3 46. a5
Kf7 47. Kf2 Ra4 48. Ke3 Ke6 49. Kd4 Ra3 50. Rf1 Rb3 51. Kc5 Kd7 52. Rf2 Kc7 53.
Rf1 Rc3+ 54. Kd4 Rc4+ 55. Ke5 Rxb4 56. f4 Kd7 57. g5 Ke7 58. gxh6 gxh6 59. Rg1
Re4+ 60. Kf5 Kf7 61. Rg6 Re8 62. Rxh6 Kg7 63. Rg6+ Kh7 64. h6 1/2-1/2

[Event "DEM U10 2017"]
[Site "Willingen GER"]
[Date "2017.06.09"]
[Round "10"]
[White "Bolz, Jannis"]
[Black "Willsch, Justin"]
[Result "1-0"]
[Termination "normal"]
[Board "20"]
[WhiteElo "1333"]
[BlackElo "1221"]
[PlyCount "93"]
[WhiteFideId "16214897"]
[BlackFideId "16229762"]
[EventCountry "GER"]
[EventRounds "11"]
[EventType "swiss"]
[EventDate "2017.06.03"]

1. e4 e6 2. d4 d5 3. exd5 exd5 4. Bd3 Bd6 5. Ne2 Ne7 6. Nbc3 c6 7. Bf4 Bf5 8.
O-O O-O 9. Re1 Bxd3 10. Qxd3 Ng6 11. Bxd6 Qxd6 12. Ng3 Nd7 13. Qf5 Nf6 14. Nce2
Rfe8 15. Qd3 Qc7 16. Kh1 Rab8 17. Nf5 Ng4 18. Qg3 Qxg3 19. fxg3 Re6 20. Nf4
Rxe1+ 21. Rxe1 Nf2+ 22. Kg1 Ne4 23. c4 Nxf4 24. gxf4 g6 25. Ne7+ Kf8 26. cxd5
cxd5 27. Nxd5 Rd8 28. Nc3 Nf6 29. Ne2 Ne8 30. Rc1 Kg7 31. g3 Kf6 32. Kf2 Kf5
33. Kf3 h5 34. Rc5+ Kf6 35. h3 Ng7 36. Rc7 Rb8 37. d5 a6 38. d6 Ne8 39. Rc1
Nxd6 40. Nd4 Kg7 41. Rc3 Kf6 42. Rb3 Rc8 43. Ke2 Rc4 44. Kd3 Ke7 45. Rxb7+ Kf6
46. Rb6 Ke7 47. Rxd6 1-0

[Event "DEM U10 2017"]
[Site "Willingen GER"]
[Date "2017.06.09"]
[Round "10"]
[White "Laucht, Philipp"]
[Black "Wessel, Daniel"]
[Result "1/2-1/2"]
[Termination "normal"]
[Board "21"]
[WhiteElo "1316"]
[BlackElo "1098"]
[PlyCount "52"]
[WhiteFideId "16244869"]
[BlackFideId "16244982"]
[EventCountry "GER"]
[EventRounds "11"]
[EventType "swiss"]
[EventDate "2017.06.03"]

1. e4 e5 2. Nf3 Nc6 3. Bb5 a6 4. Ba4 b5 5. Bb3 Bc5 6. c3 d6 7. d3 h6 8. O-O Nf6
9. Nbd2 O-O 10. h3 Bb7 11. Re1 Re8 12. Nf1 Bb6 13. Ng3 Ne7 14. Nh4 Qb8 15. Ngf5
Kh7 16. Bxf7 Rf8 17. Bb3 Re8 18. Qf3 Nxf5 19. Qxf5+ Kh8 20. Bxh6 Rf8 21. Qg6
gxh6 22. Qxh6+ Nh7 23. Nf5 Rxf5 24. exf5 Qf8 25. Qxf8+ Rxf8 26. Be6 Ng5 1/2-1/2

[Event "DEM U10 2017"]
[Site "Willingen GER"]
[Date "2017.06.09"]
[Round "10"]
[White "Meusel, Johannes"]
[Black "Greßler, Christian"]
[Result "0-1"]
[Termination "normal"]
[Board "22"]
[WhiteElo "1212"]
[BlackElo "1198"]
[PlyCount "66"]
[WhiteFideId "16244893"]
[BlackFideId "16244907"]
[EventCountry "GER"]
[EventRounds "11"]
[EventType "swiss"]
[EventDate "2017.06.03"]

1. e4 e6 2. d4 d5 3. e5 c5 4. Nf3 Nc6 5. Bb5 Qa5+ 6. Nc3 Bd7 7. Bd2 Qb6 8. Be3
a6 9. dxc5 Bxc5 10. Na4 Qa5+ 11. c3 Bxe3 12. Bxc6 Bxc6 13. fxe3 Bxa4 14. Qd4
Bc6 15. O-O Ne7 16. Ng5 Nf5 17. Qf4 h6 18. Nxf7 Kxf7 19. g4 g6 20. gxf5 gxf5
21. Qh4 Rag8+ 22. Kf2 Rg5 23. Rg1 Qd8 24. Rxg5 Qxg5 25. Qf4 Rg8 26. Qg3 Qxg3+
27. hxg3 Rg4 28. Rh1 Kg6 29. Rh4 Kg5 30. Rxg4+ Kxg4 31. b4 h5 32. a3 b5 33. Kg2
d4+ 0-1

[Event "DEM U10 2017"]
[Site "Willingen GER"]
[Date "2017.06.09"]
[Round "10"]
[White "Zinnikus, Elias"]
[Black "Petzke, Julian"]
[Result "0-1"]
[Termination "normal"]
[Board "23"]
[WhiteElo "776"]
[BlackElo "1279"]
[PlyCount "78"]
[WhiteFideId "16245024"]
[BlackFideId "16244885"]
[EventCountry "GER"]
[EventRounds "11"]
[EventType "swiss"]
[EventDate "2017.06.03"]

1. Nf3 e6 2. d4 d5 3. c4 Nf6 4. Nc3 c6 5. Bg5 Nbd7 6. e3 Qa5 7. a3 Ne4 8. Qb3
Nxg5 9. Nxg5 dxc4 10. Bxc4 Qxg5 11. O-O Be7 12. Rfe1 O-O 13. Rad1 Qa5 14. e4
Qb6 15. Qxb6 Nxb6 16. Bd3 Re8 17. Bc2 Nc4 18. b3 Nxa3 19. Bd3 a6 20. d5 Bb4 21.
Rc1 Bxc3 22. Rxc3 exd5 23. b4 dxe4 24. Rxa3 Bf5 25. Bc2 Bg6 26. Rae3 f5 27. f3
exf3 28. Rxe8+ Rxe8 29. Rxe8+ Bxe8 30. gxf3 g6 31. Kf2 Kf7 32. Ke3 b6 33. Bd3
a5 34. bxa5 bxa5 35. Kd4 Kf6 36. f4 h6 37. h4 g5 38. hxg5+ hxg5 39. fxg5+ Kxg5
0-1

[Event "DEM U10 2017"]
[Site "Willingen GER"]
[Date "2017.06.09"]
[Round "10"]
[White "Kageler, Anton Paul"]
[Black "Brandstrup, Luca Alexander"]
[Result "1/2-1/2"]
[Termination "normal"]
[Board "24"]
[WhiteElo "1341"]
[BlackElo "1083"]
[PlyCount "129"]
[WhiteFideId "16244850"]
[BlackFideId "16244990"]
[EventCountry "GER"]
[EventRounds "11"]
[EventType "swiss"]
[EventDate "2017.06.03"]

1. d4 d5 2. Bf4 Nf6 3. Nf3 Bf5 4. e3 Nc6 5. Bd3 Bxd3 6. Qxd3 e6 7. O-O Be7 8.
Nbd2 O-O 9. c3 a5 10. Ne5 Nxe5 11. Bxe5 Bd6 12. Nf3 Ng4 13. Bxd6 Qxd6 14. h3
Nf6 15. Ne5 Nd7 16. Nxd7 Qxd7 17. Rac1 c6 18. c4 Rfc8 19. c5 Qc7 20. a3 b5 21.
cxb6 Qxb6 22. Qc3 Rab8 23. Rc2 Qb3 24. Rfc1 Qxc3 25. Rxc3 Rb6 26. Rc5 Ra6 27.
b4 axb4 28. axb4 Rb6 29. b5 h6 30. Rxc6 Rcxc6 31. bxc6 Rb8 32. Kh2 Kf8 33. Kg3
Ke7 34. Ra1 Kd6 35. Ra7 Rf8 36. Kf4 Kxc6 37. Ke5 Kb6 38. Ra2 Kc6 39. Rc2+ Kd7
40. e4 f6+ 41. Kf4 g5+ 42. Kf3 dxe4+ 43. Kxe4 Ra8 44. Rb2 Ra7 45. d5 Ra4+ 46.
Ke3 exd5 47. Rb7+ Ke6 48. Rh7 Rh4 49. Kf3 d4 50. Ke2 Kf5 51. Kd3 g4 52. hxg4+
Rxg4 53. g3 Kg6 54. Rd7 Kf5 55. Rxd4 Rxd4+ 56. Kxd4 Kg4 57. Ke4 h5 58. Ke3 f5
59. Ke2 f4 60. gxf4 Kxf4 61. Kf1 h4 62. Kg2 Kg4 63. f3+ Kf4 64. Kh3 Kxf3 65.
Kxh4 1/2-1/2

[Event "DEM U10 2017"]
[Site "Willingen GER"]
[Date "2017.06.09"]
[Round "10"]
[White "Prizker, Maximilian"]
[Black "Tran Minh, Hieu"]
[Result "1/2-1/2"]
[Termination "normal"]
[Board "25"]
[WhiteElo "1016"]
[BlackElo "1315"]
[PlyCount "69"]
[WhiteFideId "16225686"]
[BlackFideId "16244877"]
[EventCountry "GER"]
[EventRounds "11"]
[EventType "swiss"]
[EventDate "2017.06.03"]

1. e4 e5 2. Nf3 Nc6 3. d4 exd4 4. Nxd4 Nf6 5. Nxc6 bxc6 6. Bd3 Bc5 7. O-O O-O
8. Nc3 d6 9. h3 Be6 10. Bg5 h6 11. Bh4 Re8 12. Qf3 Rb8 13. Bxf6 Qxf6 14. Qxf6
gxf6 15. Rab1 Bd4 16. a3 Bd7 17. Nd1 d5 18. c3 dxe4 19. Bc2 Bb6 20. b4 e3 21.
Re1 exf2+ 22. Nxf2 Rxe1+ 23. Rxe1 Re8 24. Rxe8+ Bxe8 25. Kf1 Kg7 26. Nd1 c5 27.
Nb2 cxb4 28. axb4 Bd7 29. Ke2 a5 30. Nc4 axb4 31. Nxb6 cxb6 32. cxb4 f5 33. Ke3
Kf6 34. Kf4 h5 35. g3 1/2-1/2

[Event "DEM U10 2017"]
[Site "Willingen GER"]
[Date "2017.06.09"]
[Round "10"]
[White "Althaus, Lennart"]
[Black "Neuwirth, Mark"]
[Result "1/2-1/2"]
[Termination "normal"]
[Board "26"]
[WhiteElo "1161"]
[BlackElo "1123"]
[PlyCount "71"]
[WhiteFideId "16244923"]
[BlackFideId "16244958"]
[EventCountry "GER"]
[EventRounds "11"]
[EventType "swiss"]
[EventDate "2017.06.03"]

1. f4 d5 2. Nf3 Nc6 3. e3 Nf6 4. b3 Bf5 5. Bb2 e6 6. Bb5 a6 7. Bxc6+ bxc6 8.
O-O Be7 9. d3 O-O 10. Nbd2 h6 11. Ne5 c5 12. Ndf3 Nd7 13. Qe1 Nxe5 14. Nxe5 f6
15. Nc6 Qd7 16. Nxe7+ Qxe7 17. Ba3 Qd7 18. Qa5 Rfb8 19. Qxc5 Qb5 20. Rac1 Qxc5
21. Bxc5 Rb5 22. Bd4 c5 23. Bb2 a5 24. c4 dxc4 25. dxc4 Rb6 26. Ba1 a4 27. Rc3
axb3 28. Rxb3 Rxb3 29. axb3 Rb8 30. Bc3 Rxb3 31. Bd2 Rb1 32. Rxb1 Bxb1 33. Ba5
Bd3 34. Bb6 Bxc4 35. Bxc5 Kf7 36. g3 1/2-1/2

[Event "DEM U10 2017"]
[Site "Willingen GER"]
[Date "2017.06.09"]
[Round "10"]
[White "Friedhoff, Mirco"]
[Black "Sommer, Justus"]
[Result "1-0"]
[Termination "normal"]
[Board "27"]
[WhiteElo "1095"]
[BlackElo "1081"]
[PlyCount "45"]
[WhiteFideId "16243447"]
[BlackFideId "16245008"]
[EventCountry "GER"]
[EventRounds "11"]
[EventType "swiss"]
[EventDate "2017.06.03"]

1. e4 e5 2. Nf3 Nc6 3. Nc3 Nf6 4. Bb5 d6 5. d3 Be7 6. Nd5 O-O 7. Nxe7+ Qxe7 8.
Bg5 Bg4 9. h3 Bh5 10. g4 Bg6 11. h4 h6 12. Bxf6 Qxf6 13. h5 Bh7 14. Qd2 Qxf3
15. Rg1 Nd4 16. Bc4 Qf6 17. g5 hxg5 18. Rg3 Nf3+ 19. Rxf3 Qxf3 20. Qxg5 Qh1+
21. Ke2 Qxa1 22. h6 Bg6 23. Qxg6 1-0

[Event "DEM U10 2017"]
[Site "Willingen GER"]
[Date "2017.06.09"]
[Round "10"]
[White "Schott, Andy"]
[Black "Fröhlich, Niklas"]
[Result "1-0"]
[Termination "normal"]
[Board "28"]
[WhiteElo "1143"]
[BlackElo "1023"]
[PlyCount "105"]
[WhiteFideId "16244940"]
[BlackFideId "16245016"]
[EventCountry "GER"]
[EventRounds "11"]
[EventType "swiss"]
[EventDate "2017.06.03"]

1. e4 e5 2. Nf3 Nc6 3. Bc4 Nf6 4. d3 Bc5 5. Nc3 O-O 6. Bg5 Nb4 7. Nxe5 Bd4 8.
Nf3 Bxc3+ 9. bxc3 Nc6 10. O-O d6 11. h3 Na5 12. Bb3 Nxb3 13. axb3 Qe7 14. Re1
Qe6 15. Qd2 Nd7 16. d4 Qg6 17. b4 Nb6 18. Qd3 h6 19. Bf4 Bxh3 20. Bg3 Bg4 21.
Nh4 Qf6 22. e5 dxe5 23. Rxe5 Rad8 24. Rxa7 Rfe8 25. Rxe8+ Rxe8 26. f3 Be6 27.
f4 Bc4 28. Qf5 Qxf5 29. Nxf5 Bd5 30. Kf2 Rb8 31. Ne7+ Kf8 32. Nxd5 Nxd5 33. f5
b6 34. Bxc7 Rc8 35. Be5 Rxc3 36. Ra2 Nxb4 37. Bd6+ Kg8 38. Bxb4 Rc4 39. c3 Rc8
40. d5 Rd8 41. d6 Rd7 42. Ra8+ Kh7 43. Rb8 Ra7 44. Rxb6 Ra2+ 45. Kf3 Ra7 46. c4
Rd7 47. c5 Rd8 48. c6 g5 49. c7 g4+ 50. Kxg4 h5+ 51. Kxh5 f6 52. cxd8=Q Kg7 53.
Rb7# 1-0

[Event "DEM U10 2017"]
[Site "Willingen GER"]
[Date "2017.06.09"]
[Round "10"]
[White "May, Alexander"]
[Black "Hubert, Nikita"]
[Result "1/2-1/2"]
[Termination "normal"]
[Board "29"]
[WhiteElo "1112"]
[BlackElo "957"]
[PlyCount "59"]
[WhiteFideId "16244974"]
[BlackFideId "16235754"]
[EventCountry "GER"]
[EventRounds "11"]
[EventType "swiss"]
[EventDate "2017.06.03"]

1. d4 d5 2. c4 c6 3. Nc3 Nf6 4. cxd5 cxd5 5. Bg5 Nbd7 6. e3 e6 7. Nf3 Qa5 8. a3
Ne4 9. Qc1 Bd6 10. Bd3 O-O 11. O-O Nxg5 12. Nxg5 Nf6 13. b4 Qc7 14. h3 h6 15.
Nf3 Bd7 16. Qd2 a5 17. Rac1 Qb8 18. bxa5 Rxa5 19. Rb1 Rxa3 20. Nb5 Ra8 21. Nxd6
Qxd6 22. Rxb7 Bc6 23. Rbb1 Rfb8 24. Ne5 Be8 25. Rfc1 Rxb1 26. Rxb1 Rb8 27. Rc1
Ne4 28. Bxe4 dxe4 29. Qc2 Qb4 30. Qxe4 1/2-1/2